Biggest Asian "G" Cities by Picture - Statistics

General Stats
  • This quiz has been taken 81 times
  • The average score is 4 of 16
Answer Stats
Picture Hint Answer % Correct
🇨🇳 16,100,000 Guǎngzhōu
100%
🇹🇷 1,680,000 Gaziantep
56%
🇨🇳 4,020,000 Guìyáng
36%
🇵🇰 2,030,000 Gujrānwāla
33%
🇰🇷 1,480,000 Gwangju
33%
🇨🇳 1,360,000 Guìlín
30%
🇮🇳 1,100,000 Gwalior
26%
🇮🇳 2,380,000 Ghāziābād
20%
🇨🇳 1,780,000 Gànzhōu
18%
🇧🇩 1,590,000 Gazipur
14%
🇮🇳 960,000 Guwāhāti
14%
🇮🇳 690,000 Gorakhpur
11%
🇮🇳 900,000 Gurgaon
11%
🇰🇷 1,050,000 Goyang
9%
🇹🇷 770,000 Gebze
8%
🇨🇳 920,000 Guìgǎng
5%
No matching quizzes found
Score Distribution
Percent of People with Each Score
Percentile by Number Answered
Your Score History
You have not taken this quiz